[Event "Titled Tuesday intern op 25th Oct Early"]
[Site "Chess.com INT"]
[Date "2022.10.25"]
[Round "4"]
[White "Kabanova, Ekaterina"]
[Black "Larina, Marija"]
[Result "1-0"]
[WhiteElo "2088"]
[BlackElo "1948"]
[PlyCount "95"]
[EventDate "2022.10.25"]
[EventType "swiss (blitz)"]
[EventRounds "11"]
[EventCountry "USA"]
[SourceTitle "EXT 2024"]
[Source "ChessBase"]
[SourceDate "2023.10.10"]
[SourceVersion "1"]
[SourceVersionDate "2023.10.10"]
[SourceQuality "1"]

1. c4 f5 2. d4 Nf6 3. Bg5 Ne4 4. Bf4 d6 5. Nc3 Nxc3 6. bxc3 g6 7. f3 Bg7 8. e4 0-0 9. Bg5 Qe8 10. Bd3 e5 11. Ne2 f4 12. 0-0 h6 13. Bh4 g5 14. Bf2 Nd7 15. c5 dxc5 16. dxe5 Qxe5 17. Bc4+ Kh8 18. Qb3 Nf6 19. Rad1 g4 20. Kh1 b6 21. Bd5 Nxd5 22. Rxd5 Qe6 23. Rfd1 gxf3 24. gxf3 Qh3 25. Ng1 Qe6 26. Rd8 Qxb3 27. Rxf8+ Bxf8 28. axb3 Be6 29. c4 Be7 30. Ne2 Bd6 31. Bh4 Kg7 32. Nc3 Be5 33. Nd5 a5 34. Rg1+ Kh7 35. Bf6 Bd4 36. Rg7+ Kh8 37. e5 Bxd5 38. cxd5 a4 39. bxa4 Rxa4 40. Rxc7+ Kg8 41. d6 Ra1+ 42. Kg2 Ra2+ 43. Kh3 Bg1 44. d7 Rxh2+ 45. Kg4 Rg2+ 46. Kf5 Rd2 47. d8Q+ Rxd8 48. Bxd8 1-0

[Event "Satka Autumn op (Women)"]
[Site "Satka"]
[Date "2022.09.06"]
[Round "8"]
[White "Nagaeva, Aliia"]
[Black "Kabanova, Ekaterina"]
[Result "1-0"]
[WhiteElo "1870"]
[BlackElo "2138"]
[PlyCount "65"]
[EventDate "2022.08.30"]
[EventType "swiss"]
[EventRounds "9"]
[EventCountry "RUS"]
[SourceTitle "CBM 210 Extra"]
[Source "ChessBase"]
[SourceDate "2022.11.30"]
[SourceVersion "1"]
[SourceVersionDate "2022.11.30"]
[SourceQuality "1"]

1. e4 c5 2. Nf3 e6 3. d4 cxd4 4. Nxd4 a6 5. Bd3 Qc7 6. 0-0 Nf6 7. Qe2 d6 8. c4 Be7 9. Nc3 Nbd7 10. f4 b6 11. Kh1 Bb7 12. Bd2 Rc8 13. Rae1 g6 14. b3 Qc5 15. Nf3 h5 16. Be3 Qc7 17. Bd4 h4 18. e5 dxe5 19. fxe5 Nh5 20. Be4 Nc5 21. Qe3 Rd8 22. Bxb7 Qxb7 23. b4 Nd7 24. Ne4 Qc6 25. Nd6+ Bxd6 26. exd6 Rg8 27. Qxe6+ fxe6 28. Rxe6+ Kf8 29. Ne5+ Kg7 30. Nxc6+ Kh6 31. Nxd8 Rxd8 32. Rf7 Ng7 33. Bxg7+ 1-0